| 000 | 00876nam a22002297a 4500 | ||
|---|---|---|---|
| 001 | BRCA_9204 | ||
| 003 | FranzMayer | ||
| 005 | 20220809134843.0 | ||
| 008 | 220715b |||||||| |||| 00| 0 eng d | ||
| 040 |
_bspa _cMFM |
||
| 041 | _aspa | ||
| 050 |
_aAM24.2.T6 _bM97 2021 |
||
| 245 | 0 | 0 |
_aMuseo Arocena : _bXV años de arte e historia para todos |
| 260 |
_aMéxico : _bFundación E. Arocena _c2021 |
||
| 300 |
_a220 p. : _bil., fot. col. ; _c23.5 x 30 cm. |
||
| 500 | _aUbicación: L59-N5 | ||
| 520 | _aEste volumen procura recopilar las vivencias, que se iniciaron desde 1998, año en el que la Fundación E. Arocena lanzó la iniciativa para desarrollar el plan de un museo. | ||
| 650 |
_aMuseos _xDescripción _xHistoria _zTorreón (Coahuila, Mexico) _928455 |
||
| 650 |
_aArte _xHistoria _zTorreón (Coahuila, Mexico) _928456 |
||
| 942 |
_2lcc _cB |
||
| 999 |
_c10823 _d10823 |
||